General knowledge (Record no. 396649)

MARC details
000 -LEADER
fixed length control field 00503 a2200205 4500
005 - DATE & TIME
control field 20260424162029.0
008 - FIXED-LENGTH DATA ELEMENTS--GENERAL INFORMATION
fixed length control field 260424b |||||||| |||| 00| 0 eng d
020 ## - ISBN
International Standard Book Number 9789384761547
Price Rs. 295.00
040 ## - CATALOGING SOURCE
Original cataloging agency VIVEKANANDA LIBRARY
082 ## - DDC NUMBER
Classification number 001
Book Number K147G
100 ## - MAIN ENTRY--PERSONAL NAME
Personal name Karna, Binay
245 ## - TITLE STATEMENT
Title General knowledge
260 ## - PUBLICATION, DISTRIBUTION, ETC. (IMPRINT)
Name of publisher, distributor, etc Lucent Publication
Place of publication, distribution, etc Patna
Date of publication, distribution, etc 2025
300 ## - PHYSICAL DESCRIPTION
Pages 498
650 ## - Subject
Subject General Knowledge
650 ## - Subject
Subject Examination
700 ## - Added Entry Personal Name
Added Entry Personal Name Sanjiv Kumar
700 ## - Added Entry Personal Name
Added Entry Personal Name Mukul, Manwendra
942 ## - ADDED ENTRY ELEMENTS (KOHA)
Koha item type Books
Holdings
Withdrawn status Lost status Source of classification or shelving scheme Damaged status Not for loan Location (home branch) Sublocation or collection (holding branch) Shelving location Date acquired Koha issues (times borrowed) Koha full call number Accession No. Koha date last seen Copy number Koha item type
    Dewey Decimal Classification     VIVEKANANDA LIBRARY VIVEKANANDA LIBRARY Vivekananda Library 05/02/2026   001 K147G 438187 05/02/2026 R Books
© Designed and Maintained by Vivekananda Library, MDU Rohtak